| 000 | 00432nam a2200157 i 4500 | ||
|---|---|---|---|
| 001 | 40569 | ||
| 003 | ES-MaACL | ||
| 005 | 20230906160247.0 | ||
| 007 | t| | ||
| 008 | 030306s1967 sp ||||1| spa d | ||
| 100 | 1 |
_aCarré Alvarellos, Leandro. _935602 |
|
| 245 | 1 | 0 |
_aGramática gallega / _cLeandro Carré Alvarellos. |
| 260 |
_aLa Coruña : _bMoret, _c1967. |
||
| 300 |
_a206 p. ; _c22 cm. |
||
| 852 |
_aES-MaACL _jC-33157 _bR.63202 |
||
| 999 |
_c40569 _d40569 |
||